[Event "KP MKSS 23/24, Opava-DB"]
[Site ""]
[Date "2023.11.12"]
[Round "2.1"]
[White "Muzik, Martin"]
[Black "Rakus, Pavel"]
[Result "0-1"]
[WhiteFideId "306355"]
[BlackFideId "321931"]
[WhiteElo "2055"]
[BlackElo "2187"]
[PlyCount "0"]
[WhiteTeam "Slezan Opava A"]
[BlackTeam "SK TJ Dolni Benesov"]
[EventDate "2023.10.22"]

1. e4 c5 2. c4 Nc6 3. Nc3 g6 4. g3 Bg7 5. Bg2 d6 6. Nge2 e6 7. O-O Nge7 8. d3 O-O 9. Rb1
Rb8 10. a3 b6 11. b4 Qd7 12. b5 Nd4 13. Bb2 Bb7 14. Nf4 f5 15. Nce2 e5 16. Nd5
Bxd5 17. exd5 f4 18. Nxd4 exd4 19. g4 Be5 20. Be4 Kg7 21. Qf3 Ng8 22. Rbe1 Qe7
23. Kh1 Nh6 24. Rg1 Nf7 25. Qg2 Qh4 26. f3 Ng5 27. Re2 h6 28. Bc1 Rh8 29. Bd2
h5 30. Be1 Qh3 31. gxh5 Rxh5 32. Qxh3 Nxh3 33. Rg4 Ng5 34. Bh4 Nxe4 35. Rxe4
Rf5 36. a4 Rh8 37. Bg5 Rhf8 38. Re2 R8f7 39. a5 bxa5 40. Ra2 Bf6 41. Bxf6+ Kxf6
42. Rxa5 g5 43. Ra6 Rd7 44. h4 gxh4 45. Rxh4 Kg5 46. Rg4+ Kf6 47. Kg2 Rg5 48.
Rxg5 Kxg5 49. Rc6 Kf5 50. Rc8 Rg7+ 51. Kf2 Rh7 52. Rf8+ Ke5 53. Re8+ Kf5 54.
Re6 Rh2+ 55. Kg1 Rd2 56. Rxd6 Rxd3 57. Rc6 Rxf3 58. Rxc5 Ke5 59. Rc7 Rc3 60.
Re7+ Kd6 61. Re6+ Kd7 62. Re4 Rxc4 63. Rxf4 Kd6 64. Kf2 Kxd5 65. Rf7 Rc2+ 66.
Ke1 Ra2 67. Rc7 Ke4 68. Rd7 Kd3 69. Rd6 Re2+ 70. Kf1 Re5 71. Ra6 Rxb5 72. Rxa7
Kc2 73. Ra2+ Rb2 74. Ra4 d3 75. Rc4+ Kd1 76. Ra4 Kd2 77. Ra8 Rc2 78. Ra7 Kd1
79. Ra3 d2 80. Ra1+ Rc1 81. Ra2 Rb1 82. Kf2 Rb7 83. Ra1+ Kc2 0-1

[Event "KP MKSS 23/24, Opava-DB"]
[Site ""]
[Date "2023.11.12"]
[Round "2.2"]
[White "Suchanek, Miroslav"]
[Black "Olsar, Robin"]
[Result "1-0"]
[WhiteFideId "306983"]
[BlackFideId "322628"]
[WhiteElo "2067"]
[BlackElo "2016"]
[PlyCount "0"]
[WhiteTeam "SK TJ Dolni Benesov"]
[BlackTeam "Slezan Opava A"]
[EventDate "2023.10.22"]

1. d4 e6 2. e4 d5 3. Nc3 dxe4 4. Nxe4 Bd7 5. Nf3 Bc6 6. Bd3
Nd7 7. Qe2 Ngf6 8. Neg5 Bxf3 9. Qxf3 c6 10. Bd2 Bd6 11. g4 Qe7 12. O-O-O h6 13.
Nh3 g5 14. Qe2 O-O-O 15. f4 gxf4 16. Nxf4 Rdg8 17. h3 Nd5 18. Nxd5 cxd5 19. c4
dxc4 20. Bxc4 Nb6 21. Bb3 Kb8 22. Kb1 Rc8 23. Rhf1 Rc7 24. Ba5 Qg5 25. d5 e5
26. a3 h5 27. Rf5 Qg6 28. Ka2 hxg4 29. Qxg4 Qxg4 30. hxg4 Rd7 31. Rdf1 Rh7 32.
Bc3 Re7 33. Rf6 Kc7 34. a4 Rg7 35. a5 Nc8 36. Rc1 Kd8 37. Bd1 Rc7 38. Be2 Ke7
39. Rcf1 Rc5 40. R6f5 Rxd5 41. Bc4 Rc5 42. Rxf7+ Rxf7 43. Rxf7+ Ke8 44. Be6 Ne7
45. Rh7 Kf8 46. Bd2 Nc6 47. Rxb7 Nxa5 48. Rxa7 Nc6 49. Bh6+ Ke8 50. Bf7+ Kd8
51. Ra8+ Ke7 52. Bb3 Ra5+ 53. Rxa5 Nxa5 54. Bd5 Kf6 55. Bd2 Bc7 56. b4 1-0

[Event "KP MKSS 23/24, Opava-DB"]
[Site ""]
[Date "2023.11.12"]
[Round "2.3"]
[White "Pavelek, Karel"]
[Black "Byma, Pavel"]
[Result "1-0"]
[WhiteFideId "314285"]
[BlackFideId "315958"]
[WhiteElo "2047"]
[BlackElo "2120"]
[PlyCount "0"]
[WhiteTeam "Slezan Opava A"]
[BlackTeam "SK TJ Dolni Benesov"]
[EventDate "2023.10.22"]

1. d4 d5 2. Nf3 Nf6 3. c4 c6 4. Nc3 e6 5. g3 Nbd7 6. Bg2 Bd6 7. O-O O-O 8. b3
b6 9. Bb2 Bb7 10. Qc2 Rc8 11. e4 dxe4 12. Nxe4 Nxe4 13. Qxe4 Nf6 14. Qe2 Qe7
15. Rfd1 c5 16. a4 cxd4 17. Bxd4 Bc5 18. a5 Rfd8 19. Bxc5 bxc5 20. a6 Rxd1+ 21.
Qxd1 Ba8 22. Ne5 Bxg2 23. Kxg2 Qc7 24. f4 Ne8 25. Qd7 Nd6 26. Rd1 Qxd7 27. Nxd7
Nf5 28. Kf2 f6 29. g4 Ne7 30. Ra1 Rc7 31. Nb6 Nc6 32. Na4 Nd4 33. Rd1 Nxb3 34.
Rb1 Na5 35. Rb5 Nc6 36. Rxc5 Kf7 37. Nc3 Ke7 38. Nb5 Rc8 39. Rh5 h6 40. g5 hxg5
41. fxg5 Nb4 42. gxf6+ Kxf6 43. Nxa7 Ra8 44. Rb5 Nxa6 45. Nc6 Rc8 46. Ne5 Nc5
47. Rxc5 Ra8 48. Ng4+ Kg6 49. Re5 Ra2+ 50. Re2 Ra4 51. Rc2 Kf5 52. Ne3+ Ke5 53.
c5 Ra7 54. c6 Rc7 55. Ke2 Kd4 56. Kd2 g6 57. Ke2 g5 58. Kd2 Ke4 59. Ke2 Kd4 60.
Kf3 Kd3 61. Rc1 Kd4 62. Ng4 Rf7+ 63. Kg3 Rc7 64. Nf6 Rc8 65. c7 Ke5 66. Ne8 Kd5
67. Kg4 e5 68. Rd1+ Kc6 69. Rd8 1-0

[Event "KP MKSS 23/24, Opava-DB"]
[Site ""]
[Date "2023.11.12"]
[Round "2.4"]
[White "Kucera, Tomas"]
[Black "Zalesky, Karel"]
[Result "1/2-1/2"]
[WhiteFideId "395390"]
[BlackFideId "316717"]
[WhiteElo "1999"]
[BlackElo "1991"]
[PlyCount "0"]
[WhiteTeam "SK TJ Dolni Benesov"]
[BlackTeam "Slezan Opava A"]
[EventDate "2023.10.22"]

1. c4 c6 2. e4 e5 3. Nc3 d6 4. d3 Be7 5. g3 Na6 6. Bg2
Nc7 7. Nge2 Nf6 8. O-O O-O 9. h3 b5 10. f4 b4 11. Nb1 c5 12. Nd2 Bb7 13. Nf3
Nd7 14. f5 Nb6 15. b3 a5 16. Be3 a4 17. Qd2 Qd7 18. g4 f6 19. Ng3 Ra6 20. Rab1
axb3 21. axb3 Rfa8 22. Rb2 Bc6 23. h4 Ne8 24. Rf2 Ra1+ 25. Bf1 R8a3 26. Rg2 Ba4
27. bxa4 Nxa4 28. g5 Nxb2 29. Qxb2 Qa4 30. Qf2 Rxd3 31. Nh5 Rxf1+ 32. Kxf1 Qd1+
33. Ne1 Rc3 34. Nxf6+ Nxf6 35. gxf6 Bxf6 36. Bg5 Bxg5 37. Rxg5 Qb3 38. f6 Qxc4+
39. Kg1 g6 40. h5 Qd4 41. f7+ Kf8 42. hxg6 hxg6 43. Rxg6 Qxf2+ 44. Kxf2 b3 45.
Rxd6 Kxf7 46. Ke2 b2 47. Rb6 Rc4 48. Nd3 Rxe4+ 49. Kf3 Rb4 50. Rxb4 cxb4 51.
Nxb2 1/2-1/2

[Event "KP MKSS 23/24, Opava-DB"]
[Site ""]
[Date "2023.11.12"]
[Round "2.5"]
[White "Rambousek, Jan"]
[Black "Snyta, Zdenek"]
[Result "1/2-1/2"]
[WhiteFideId "319287"]
[BlackFideId "315834"]
[WhiteElo "1920"]
[BlackElo "1970"]
[PlyCount "0"]
[WhiteTeam "Slezan Opava A"]
[BlackTeam "SK TJ Dolni Benesov"]
[EventDate "2023.10.22"]

1. Nf3 d6 2. b3 e5 3. d3 f5 4. Bb2 Be7 5. g3 Bf6 6. e4 Ne7 7. Bg2 Na6 8. Nbd2 Nc5 9. Qe2 fxe4 10.
Nxe4 Nxe4 11. dxe4 Nc6 12. h3 Be6 13. O-O-O Qe7 14. Kb1 O-O-O 15. Qe3 Rhf8 16.
g4 g6 17. Bf1 a6 18. Be2 d5 19. exd5 Bxd5 20. Rhe1 e4 21. Nd4 Nxd4 22. Bxd4
Bxd4 23. Rxd4 c5 24. Rd2 Bc6 25. Red1 Rxd2 26. Rxd2 Qe5 27. Rd1 g5 28. Bc4 Rd8
29. Rxd8+ Kxd8 30. a4 h6 31. Be2 Qd4 32. Qg3 Kd7 33. Qe3 Ke7 34. Qg3 Qd6 35.
Qe3 Kf6 36. Qc3+ Qd4 37. Qe3 a5 38. Qg3 Qe5 39. Qe3 b6 40. Bc4 Be8 41. Be2 Bg6
42. Bc4 Kg7 43. Be2 Kh7 44. Qd2 Qd4 45. Qe3 Bf7 46. Bb5 Bd5 47. Be2 Kg7 48. Qg3
Qf6 49. Qe3 Qe5 50. Bb5 Bb7 51. Bc4 Kf8 52. Bb5 Ke7 53. Bc4 Kd6 54. Bb5 Kc7 55.
Bc4 Kb8 56. Bb5 Ka7 57. Bc4 Bc6 58. Be2 Qf4 59. Kb2 Qxe3 60. fxe3 1/2-1/2

[Event "KP MKSS 23/24, Opava-DB"]
[Site ""]
[Date "2023.11.12"]
[Round "2.6"]
[White "Gemsa, Pavel"]
[Black "Raiman, Tom"]
[Result "1-0"]
[WhiteFideId "356409"]
[BlackFideId "376949"]
[WhiteElo "1972"]
[BlackElo "1844"]
[PlyCount "0"]
[WhiteTeam "SK TJ Dolni Benesov"]
[BlackTeam "Slezan Opava A"]
[EventDate "2023.10.22"]

1. e4 e5 2. Bc4 Nf6 3. d4 Nxe4 4. Qh5 Nd6 5. Qxe5+ Qe7 6. Bd3 Nc6 7. Qxe7+ Bxe7 8. Nf3 Nb4 9. Bf4
Nxd3+ 10. cxd3 c6 11. Nc3 Nf5 12. d5 d6 13. O-O h5 14. Rfe1 f6 15. Ne4 Kf7 16.
Ng3 g5 17. Bd2 Bd7 18. Nxf5 Bxf5 19. Nd4 Bd7 20. f4 gxf4 21. Bxf4 cxd5 22. Re2
Rae8 23. Rae1 Bd8 24. Bxd6 Bb6 25. Re7+ Kg6 26. Kf1 Rxe7 27. Rxe7 Rd8 28. Nf3
Bg4 29. Bc7 Rc8 30. Nh4+ Kg5 31. Rg7+ Kxh4 32. Bg3# 1-0

[Event "KP MKSS 23/24, Opava-DB"]
[Site ""]
[Date "2023.11.12"]
[Round "2.7"]
[White "Janecek, Miroslav"]
[Black "Pavera, Vit"]
[Result "0-1"]
[WhiteFideId "376116"]
[BlackFideId "349623"]
[WhiteElo "1821"]
[BlackElo "1986"]
[PlyCount "0"]
[WhiteTeam "Slezan Opava A"]
[BlackTeam "SK TJ Dolni Benesov"]
[EventDate "2023.10.22"]

1. d4 Nf6 2. c4 g6 3. Nc3 d5 4. cxd5 Nxd5 5. e4 Nxc3 6. bxc3 Bg7 7. Be3 c5 8. Bb5+ Nc6 9. Ne2 Qa5 10. Bxc6+ bxc6 11.
O-O Ba6 12. Re1 O-O 13. Qc2 Rfd8 14. Rad1 Rab8 15. h3 Qa3 16. dxc5 Bxe2 17.
Qxe2 Bxc3 18. Rxd8+ Rxd8 19. Rd1 Rxd1+ 20. Qxd1 Qxa2 21. Qd8+ Kg7 22. Qxe7 a5
23. f4 Qe6 24. Qxe6 fxe6 25. Kf1 a4 26. Bc1 Bb4 27. Ke2 Bxc5 28. Kd3 Kf7 29.
Kc4 Bd6 30. e5 Be7 31. g4 Ke8 32. Bd2 Kd7 33. g5 Kc7 34. Bc1 Kb6 35. Be3+ Ka6
36. Bd2 Ba3 37. h4 Bb2 38. f5 gxf5 39. Bf4 Ba3 40. h5 Bf8 41. h6 a3 42. Kb3 Kb5
43. g6 hxg6 44. h7 Bg7 45. Kxa3 Kc4 46. Ka4 Kd4 47. Kb4 Ke4 48. Bg3 f4 49. Be1
Kd5 50. Kb3 g5 51. Kc2 Ke4 52. Bc3 g4 53. Kd2 c5 54. Ke2 c4 55. Kf2 Kd3 56. Bb2
g3+ 57. Kf3 g2 58. Kxg2 Ke2 0-1

[Event "KP MKSS 23/24, Opava-DB"]
[Site ""]
[Date "2023.11.12"]
[Round "2.8"]
[White "Weczerek, Marek"]
[Black "Kovalcik, Adam"]
[Result "1/2-1/2"]
[WhiteFideId "317560"]
[BlackFideId "23748656"]
[WhiteElo "1965"]
[BlackElo "1714"]
[PlyCount "0"]
[WhiteTeam "SK TJ Dolni Benesov"]
[BlackTeam "Slezan Opava A"]
[EventDate "2023.10.22"]

1. e4 c5 2. Nf3 e6 3.Nc3 Nc6 4. d4 cxd4 5. Nxd4 Qc7 6. a3 a6 7. Be3 b5 8. Nxc6 dxc6 9. Qd2 Nf6 10.
Be2 Be7 11. O-O O-O 12. Bg5 e5 13. Qe3 Rd8 14. Qg3 Kh8 15. Rad1 Bb7 16. Kh1 c5
17. Bxf6 Bxf6 18. Nd5 Bxd5 19. exd5 c4 20. b3 Rac8 21. a4 1/2-1/2

[Event "KP MKSS 23/24, BSS-Ostrava"]
[Site ""]
[Date "2023.11.12"]
[Round "2.2"]
[White "Didi, Jan"]
[Black "Milat, Patrik"]
[Result "1/2-1/2"]
[WhiteFideId "312428"]
[BlackFideId "322512"]
[WhiteElo "1934"]
[BlackElo "2046"]
[PlyCount "0"]
[WhiteTeam "TJ Ostrava B"]
[BlackTeam "BSS Frydek-Mistek D"]
[EventDate "2023.10.22"]

1. e4 c5 2. Nf3 Nc6 3. d4 cxd4 4. Nxd4 Nf6 5. Nc3 e5 6. Ndb5 d6 7. Bg5 a6
8. Na3 b5 9. Nd5 Be7 10. Bxf6 Bxf6 11. c3 O-O 12. Nc2 Rb8 13. Be2 Bg5 14. O-O
Kh8 15. Ncb4 Nxb4 16. Nxb4 Bb7 17. Nd5 g6 18. b4 Rc8 19. a4 Bxd5 20. Qxd5 Rxc3
21. axb5 axb5 22. Ra6 Bf4 23. Qxd6 Qxd6 24. Rxd6 Rb3 1/2-1/2

[Event "KP MKSS 23/24, BSS-Ostrava"]
[Site ""]
[Date "2023.11.12"]
[Round "2.3"]
[White "Bjolek, Jan"]
[Black "Samu, Pavel"]
[Result "1-0"]
[WhiteFideId "23725800"]
[BlackFideId "330981"]
[WhiteElo "1752"]
[BlackElo "1856"]
[PlyCount "0"]
[WhiteTeam "BSS Frydek-Mistek D"]
[BlackTeam "TJ Ostrava B"]
[EventDate "2023.10.22"]

1. d4 g6 2. Bf4 Bg7 3. e4 c5 4. Be5 Nf6 5. c3 O-O 6. Nd2 cxd4 7. Bxd4 Nc6 8.
Ngf3 d5 9. Bxf6 exf6 10. exd5 Re8+ 11. Be2 Ne5 12. O-O Qxd5 13. Re1 Bf5 14. Qb3
Qxb3 15. Nxb3 Be4 16. Nxe5 fxe5 17. Bb5 Bc6 18. Bxc6 bxc6 19. Na5 Rab8 20. Nc4
Rb5 21. Nd6 1-0

[Event "KP MKSS 23/24, BSS-Ostrava"]
[Site ""]
[Date "2023.11.12"]
[Round "2.4"]
[White "Chrostek, Lukas"]
[Black "Buchta, Bartolomej"]
[Result "1-0"]
[WhiteFideId "334553"]
[BlackFideId "23702885"]
[WhiteElo "1844"]
[BlackElo "1822"]
[PlyCount "0"]
[WhiteTeam "TJ Ostrava B"]
[BlackTeam "BSS Frydek-Mistek D"]
[EventDate "2023.10.22"]

1.c4 c5 2. g3 g6 3. Bg2 Bg7 4. Nc3 Nc6 5. e3 d6 6. Nge2 Nf6 7. O-O O-O 8. d4 cxd4
9. exd4 a6 10. h3 Qc7 11. Be3 Rb8 12. Rc1 Qa5 13. Qb3 Qb4 14. Qxb4 Nxb4 15.
Rfd1 h5 16. a3 Nc6 17. Nf4 Bf5 18. Nfd5 Nxd5 19. Nxd5 b6 20. b4 Rfc8 21. b5 e6
22. bxc6 exd5 23. cxd5 b5 24. Bf4 Bf8 25. Bd2 Bd3 26. Ba5 Bc4 27. h4 Bg7 28.
Bh3 f5 29. Bg2 Kf7 30. Bb4 Bf8 31. Re1 Ra8 32. Re6 Rxc6 33. dxc6 Kxe6 34. Re1+
Kf7 35. d5 Rc8 36. f4 Rc7 37. Kf2 Rc8 38. Rd1 Re8 39. Bf1 Bb3 40. Rd2 Ra8 41.
Ba5 Rc8 42. Be2 Ra8 43. Bd1 Bc4 44. a4 Bg7 45. Be2 Bb3 46. axb5 axb5 47. Bb4
Ke7 48. Bxb5 Rb8 49. c7 Ra8 50. Re2+ Kf7 51. Bc6 Bd4+ 52. Kg2 Rc8 53. Bxd6 1-0

[Event "KP MKSS 23/24, BSS-Ostrava"]
[Site ""]
[Date "2023.11.12"]
[Round "2.5"]
[White "Holecek, Vladimir"]
[Black "Skola, Miroslav"]
[Result "0-1"]
[WhiteFideId "311014"]
[BlackFideId "305413"]
[WhiteElo "1858"]
[BlackElo "2017"]
[PlyCount "0"]
[WhiteTeam "BSS Frydek-Mistek D"]
[BlackTeam "TJ Ostrava B"]
[EventDate "2023.10.22"]

1. d4 d5 2. Nf3 Nf6 3. c4 c6 4. Nc3 a6 5. c5 g6 6. h3 Bg7 7. Bf4 O-O 8. e3 Re8
9. Be2 Nbd7 10. O-O Nh5 11. Bh2 Bh8 12. b4 e5 13. dxe5 Nxe5 14. Nxe5 Bxe5 15.
Bxe5 Rxe5 16. Qd4 Qe7 17. Rfe1 Ng7 18. Bf3 Bf5 19. Rad1 Re8 20. Kf1 h5 21. Ne2
Be4 22. Bxe4 Rxe4 23. Qc3 Nf5 24. Nd4 Qf6 25. Qd2 Nxe3+ 0-1

[Event "KP MKSS 23/24, BSS-Ostrava"]
[Site ""]
[Date "2023.11.12"]
[Round "2.6"]
[White "Tylecek, Drahomir"]
[Black "Zidek, Daniel"]
[Result "1/2-1/2"]
[WhiteFideId "322636"]
[BlackFideId "358517"]
[WhiteElo "1806"]
[BlackElo "1784"]
[PlyCount "0"]
[WhiteTeam "TJ Ostrava B"]
[BlackTeam "BSS Frydek-Mistek D"]
[EventDate "2023.10.22"]

1. e4 g6 2. d4 d6 3. Nc3 Bg7 4. Be3 Nf6 5. Be2 O-O 6. g4 c6 7. g5 Nfd7 8. Qd2
b5 9. f4 a5 10. Nf3 Nb6 11. O-O N8d7 12. Rab1 b4 13. Nd1 Ba6 14. Bxa6 Rxa6 15.
Qe2 Ra8 16. Nf2 e5 17. dxe5 dxe5 18. f5 f6 19. fxg6 hxg6 20. Nh4 Qe8 21. Ng4
fxg5 22. Bxg5 Qe6 23. b3 Rxf1+ 24. Rxf1 Rf8 25. Ne3 Kh7 26. Nf3 1/2-1/2

[Event "KP MKSS 23/24, BSS-Ostrava"]
[Site ""]
[Date "2023.11.12"]
[Round "2.7"]
[White "Osina, Jaromir"]
[Black "Repak, Jan"]
[Result "1-0"]
[WhiteFideId "23712759"]
[BlackFideId "358371"]
[WhiteElo "1611"]
[BlackElo "1736"]
[PlyCount "0"]
[WhiteTeam "BSS Frydek-Mistek D"]
[BlackTeam "TJ Ostrava B"]
[EventDate "2023.10.22"]

1. d4 Nf6 2. c4 g6 3. Nc3 d5 4. Nf3 Bg7 5. Qb3 dxc4 6. Qxc4 a6 7. Bf4 c6 8. e4
b5 9. Qd3 Nbd7 10. Be2 O-O 11. O-O c5 12. d5 c4 13. Qc2 Bb7 14. a4 b4 15. Nd1
Nc5 16. Nd2 Ncxe4 17. Nxe4 Nxe4 18. Qxe4 Bxd5 19. Qc2 Rc8 20. Ne3 c3 21. bxc3
Rxc3 22. Qd2 Bb7 23. Qxd8 Rxd8 24. Rad1 Re8 25. Rd7 Bc6 26. Ra7 Bxa4 27. Rxa6
Ra3 28. Nd5 e5 29. Bc1 Ra2 30. Bb5 Bxb5 31. Rxa2 Bxf1 32. Kxf1 Rc8 33. Ne7+ 1-0

[Event "KP MKSS 23/24, BSS-Ostrava"]
[Site ""]
[Date "2023.11.12"]
[Round "2.8"]
[White "Kramolis, Pavel"]
[Black "Horkova, Tereza"]
[Result "1-0"]
[WhiteFideId "341479"]
[BlackFideId "23712678"]
[WhiteElo "1790"]
[BlackElo "1621"]
[PlyCount "0"]
[WhiteTeam "TJ Ostrava B"]
[BlackTeam "BSS Frydek-Mistek D"]
[EventDate "2023.10.22"]

1. e4 c5 2. Nc3 e6 3. d3 Nc6 4. g3 d5 5. Bg2 d4 6. Nce2 Bd6 7. f4 e5 8. Nf3
Nge7 9. O-O O-O 10. f5 f6 11. g4 b5 12. Ng3 Kh8 13. Kh1 c4 14. g5 Ng8 15. Rg1
fxg5 16. Nxg5 Nf6 17. Nh5 Bd7 18. Bh3 Ne8 19. Qe1 Be7 20. Qg3 Bf6 21. Nxf6 Qxf6
22. Nf3 cxd3 23. Bg5 Qd6 24. cxd3 Rf7 25. Raf1 Nf6 26. Qh4 Raf8 27. Rg2 Nb4 28.
Rfg1 Nxd3 29. Bxf6 gxf6 30. Qh6 Qe7 31. Nh4 Nf4 32. Rg4 Bc6 33. Rxf4 Rg7 34.
Rfg4 Rxg4 35. Rxg4 Rg8 36. Ng6+ Rxg6 37. fxg6 f5 38. g7+ Kg8 39. Rg3 Bxe4+ 40.
Bg2 Bxg2+ 41. Kxg2 e4 42. Qc6 1-0

[Event "KP MKSS 23/24, Orlova-Poruba D"]
[Site ""]
[Date "2023.11.12"]
[Round "2.1"]
[White "Sikora, Matous"]
[Black "Kufa, Pavel"]
[Result "1/2-1/2"]
[WhiteFideId "366714"]
[BlackFideId "310069"]
[WhiteElo "2055"]
[BlackElo "2111"]
[PlyCount "0"]
[WhiteTeam "SK Slavia Orlova C"]
[BlackTeam "SK Slavoj Poruba D"]
[EventDate "2023.10.22"]

1. e4 d5 2. exd5 Nf6 3. d4 Nxd5 4. c4 Nb6 5. Nc3 e5 6. d5 Bc5 7. Nf3 O-O 8. Be2
Bg4 9. Ng5 Bxe2 10. Qxe2 h6 11. Nge4 Bd4 12. Bxh6 gxh6 13. Qg4+ Kh8 14. Qh5 Kg7
15. Qg4+ Kh8 16. Qh5 Kg7 1/2-1/2

[Event "KP MKSS 23/24, Orlova-Poruba D"]
[Site ""]
[Date "2023.11.12"]
[Round "2.2"]
[White "Miculka, Petr"]
[Black "Sieber, Martin"]
[Result "1/2-1/2"]
[WhiteFideId "312282"]
[BlackFideId "327590"]
[WhiteElo "2002"]
[BlackElo "2009"]
[PlyCount "0"]
[WhiteTeam "SK Slavoj Poruba D"]
[BlackTeam "SK Slavia Orlova C"]
[EventDate "2023.10.22"]

1. e4 c6 2. d4 d5 3. Nd2 dxe4 4. Nxe4 Nd7 5. Ng5 Ngf6 6. Bd3 Nb6 7. N1f3 Bg4 8.
h3 Bxf3 9. Nxf3 e6 10. Bf4 Bd6 11. Ne5 Qe7 12. Qf3 Nbd5 13. Bg5 h6 14. Bd2 Nb4
15. Bxb4 Bxb4+ 16. c3 Bd6 17. Nxc6 Qc7 18. Ne5 Bxe5 19. dxe5 Qxe5+ 20. Qe2
Qxe2+ 21. Kxe2 Ke7 22. Rad1 Rhd8 23. Bc4 Rac8 24. Rxd8 Rxd8 25. Rd1 Rxd1 26.
Kxd1 Kd6 27. Ke2 Nd5 28. g3 f5 29. Bd3 g5 30. a3 h5 31. c4 Ne7 32. Ke3 e5 33.
Be2 g4 34. h4 b6 35. Bd1 Nc6 36. Bc2 Nd4 37. Ba4 Ke7 38. b4 a6 39. Kd3 b5 40.
Bd1 Kd6 41. a4 Nc6 42. Kc3 bxc4 43. a5 f4 44. Be2 fxg3 45. fxg3 Nd4 46. Bxc4
Nf5 47. Bxa6 Nxg3 48. Kd3 Nf5 49. Bb7 Kc7 50. Be4 g3 51. b5 Nd6 52. b6+ Kb8 53.
Bd5 Nb7 54. Ke2 Nxa5 55. Kf3 Nb7 56. Bf7 Nd6 57. Bxh5 Nf5 58. Bg4 Nxh4+ 59.
Kxg3 Kb7 60. Kxh4 Kxb6 61. Kg5 e4 62. Kh4 e3 63. Kg3 e2 64. Kf2 e1=Q+ 65. Kxe1
1/2-1/2

[Event "KP MKSS 23/24, Orlova-Poruba D"]
[Site ""]
[Date "2023.11.12"]
[Round "2.3"]
[White "Nytra, Petr"]
[Black "Hanak, Tomas"]
[Result "1-0"]
[WhiteFideId "344087"]
[BlackFideId "358070"]
[WhiteElo "1993"]
[BlackElo "2027"]
[PlyCount "0"]
[WhiteTeam "SK Slavia Orlova C"]
[BlackTeam "SK Slavoj Poruba D"]
[EventDate "2023.10.22"]

1. e4 e6 2. d4 d5 3. exd5 exd5 4. Nc3 Nf6 5. Bd3 Bd6 6. Bg5 c6 7. Qf3 Nbd7 8.
Nge2 O-O 9. O-O Re8 10. Ng3 Nf8 11. Nh5 Be7 12. Nxf6+ Bxf6 13. Bxf6 Qxf6 14.
Qxf6 gxf6 15. Rfe1 Bd7 16. Re3 Ng6 17. Rae1 Kf8 18. Ne2 Rxe3 19. fxe3 Re8 20.
Ng3 Re6 21. Nh5 Ke7 22. Kf2 Kf8 23. Bf5 Rd6 24. Bxd7 Rxd7 25. Nxf6 Re7 26.
Nxh7+ Kg7 27. Ng5 1-0

[Event "KP MKSS 23/24, Orlova-Poruba D"]
[Site ""]
[Date "2023.11.12"]
[Round "2.4"]
[White "Miculka, David"]
[Black "Kopecky, Bretislav"]
[Result "0-1"]
[WhiteFideId "332658"]
[BlackFideId "314331"]
[WhiteElo "1984"]
[BlackElo "1988"]
[PlyCount "0"]
[WhiteTeam "SK Slavoj Poruba D"]
[BlackTeam "SK Slavia Orlova C"]
[EventDate "2023.10.22"]

1. e4 e6 2. d3 d5 3. Nd2 c5 4. Ngf3 Nc6 5. g3 Bd6 6. Bg2 Nge7 7. O-O Bd7 8. Re1
O-O 9. h4 Qc7 10. Qe2 f6 11. Nf1 d4 12. N1h2 e5 13. h5 b5 14. h6 g6 15. Bd2 Be6
16. g4 g5 17. Bh3 Kh8 18. Nf1 Ng8 19. Ng3 Nxh6 20. Nf5 Nxf5 21. gxf5 Bf7 22.
Kh1 Rg8 23. Rg1 Rg7 24. Nxg5 fxg5 25. Bxg5 Be7 26. f6 Rxg5 27. Rxg5 Bxf6 28.
Rg3 Rg8 29. Rag1 Rxg3 30. Rxg3 Bg6 31. Qg4 Ne7 32. Rf3 Qd6 33. Rg3 Bg7 34. Rg1
Bh6 35. Qh4 Bf4 36. Bg4 Kg7 37. Bf5 Qf6 38. Qh3 Kf7 39. Bg4 Kg7 40. Bf5 Kf7 41.
Bd7 Kg7 42. Be6 Bh6 43. Bf5 Bd2 44. Rg2 Kf7 45. Bd7 Bc1 46. Rg3 Kg7 47. Rf3 Bf4
48. Qg2 Qh4+ 49. Rh3 Qg5 50. Bg4 Bc1 51. b3 Qd2 52. f3 Qe1+ 53. Qg1 Qxg1+ 54.
Kxg1 Kf6 55. Kf2 Kg5 56. Bd7 Kf4 57. Rh1 Be3+ 58. Ke2 Ng8 59. Ra1 Nf6 60. Bh3
Bh5 61. Bg2 Kg3 62. Bh1 Nd7 63. Rf1 Nf8 64. Re1 Ng6 65. Rf1 Kh2 0-1

[Event "KP MKSS 23/24, Orlova-Poruba D"]
[Site ""]
[Date "2023.11.12"]
[Round "2.5"]
[White "Olsar, Zdenek"]
[Black "Vicha, Martin"]
[Result "1-0"]
[WhiteFideId "311219"]
[BlackFideId "327360"]
[WhiteElo "1937"]
[BlackElo "1918"]
[PlyCount "0"]
[WhiteTeam "SK Slavia Orlova C"]
[BlackTeam "SK Slavoj Poruba D"]
[EventDate "2023.10.22"]

1. e4 e5 2. Nf3 Nc6 3. Bb5 Bc5 4. c3 a6 5. Ba4 b5 6. Bb3 h6 7. O-O d6 8. d4
exd4 9. cxd4 Ba7 10. Nc3 Bg4 11. Be3 Nge7 12. a4 b4 13. Nd5 a5 14. Rc1 O-O 15.
Qd2 Bxf3 16. gxf3 Rc8 17. Kh1 Nxd5 18. Bxd5 Qf6 19. e5 Nxe5 20. dxe5 Bxe3 21.
Qxe3 dxe5 22. Rc6 Qf4 23. Qxf4 exf4 24. Rfc1 Rcd8 25. R6c5 Rd7 26. Be4 Rd2 27.
R1c2 Rd1+ 28. Kg2 b3 29. R2c3 Rb8 30. Rxc7 g6 31. Rc8+ Rxc8 32. Rxc8+ Kg7 33.
Rc3 Rd4 34. Bc6 f5 35. Rxb3 Kf6 36. Rb5 Rd2 37. b3 Rd3 38. Bd5 Kg5 39. Bc4 Rc3
40. Rxa5 h5 41. Ra6 Kh4 42. Bf7 Rc7 43. Be8 Rc8 44. Bxg6 Rg8 45. Kf1 Rb8 46.
Bf7 Rb7 47. Bc4 Kh3 48. Rf6 h4 49. a5 Rh7 50. a6 Kxh2 51. Be6 h3 52. Bxf5 Rh8
53. a7 Rg8 54. Bg4 Kh1 55. Bxh3 Rg1+ 56. Ke2 Ra1 57. Rf7 Kg1 58. Rxf4 Ra2+ 59.
Ke3 Rxa7 60. Re4 Ra3 61. Be6 Ra2 62. Ra4 Rc2 63. Rg4+ Kh2 64. f4 Rc3+ 65. Ke4
Rc2 66. f3 Re2+ 67. Kf5 Re3 68. Bd5 Re2 69. Rg7 Rd2 70. Ke5 Re2+ 71. Be4 Rb2
72. Rb7 Kh3 73. f5 Kh4 74. f6 Rd2 1-0

[Event "KP MKSS 23/24, Orlova-Poruba D"]
[Site ""]
[Date "2023.11.12"]
[Round "2.6"]
[White "Jarolim, Jan"]
[Black "Sebesta, Jan"]
[Result "1/2-1/2"]
[WhiteFideId "344451"]
[BlackFideId "372013"]
[WhiteElo "1933"]
[BlackElo "1941"]
[PlyCount "0"]
[WhiteTeam "SK Slavoj Poruba D"]
[BlackTeam "SK Slavia Orlova C"]
[EventDate "2023.10.22"]

1. Nf3 Nf6 2. d4 g6 3. c4 Bg7 4. Nc3 d5 5. Bf4 O-O 6. e3 c5 7. dxc5 Qa5 8. Qa4
Qxc5 9. Be2 dxc4 10. Qxc4 Qxc4 11. Bxc4 Nc6 12. O-O Bg4 13. Ne5 Nxe5 14. Bxe5
Rfd8 15. f3 Bd7 16. Rfd1 Bc6 17. Rac1 Ne8 18. Bxg7 Kxg7 19. Nd5 Kf8 20. Nb4
Rxd1+ 21. Rxd1 Rc8 22. Nxc6 Rxc6 23. Bb3 Rd6 24. Rc1 e6 25. Kf1 Rd2 26. Rc2
Rxc2 27. Bxc2 Ke7 28. Ke2 Kd6 29. f4 Kc5 30. Kf3 Nf6 31. g4 h5 32. h3 hxg4+ 33.
hxg4 b5 34. Bd3 Nd5 35. f5 gxf5 36. gxf5 Nb4 37. fxe6 fxe6 38. Bb1 e5 39. Ke4
Kd6 40. a3 Nc6 41. Bd3 b4 42. a4 a5 43. Bc4 Ne7 44. b3 Nc6 45. Bf7 Ne7 46. Bc4
Nc6 47. Kf5 Ne7+ 48. Kf6 Nc6 49. Kf5 1/2-1/2

[Event "KP MKSS 23/24, Orlova-Poruba D"]
[Site ""]
[Date "2023.11.12"]
[Round "2.7"]
[White "Fialka, Adam"]
[Black "Kudla, Martin"]
[Result "1-0"]
[WhiteFideId "349194"]
[BlackFideId "337105193"]
[WhiteElo "1903"]
[BlackElo "1673"]
[PlyCount "0"]
[WhiteTeam "SK Slavia Orlova C"]
[BlackTeam "SK Slavoj Poruba D"]
[EventDate "2023.10.22"]

1. e4 e6 2. Qe2 Ne7 3. Nc3 d5 4. exd5 Nxd5 5. Nxd5 Qxd5 6. Nf3 c5 7. b3 Bd6 8.
Bb2 O-O 9. O-O-O a5 10. d4 a4 11. dxc5 Qxc5 12. Qc4 axb3 13. axb3 Nc6 14. Qxc5
Bxc5 15. Rd2 b6 16. Bb5 Na7 17. Bd3 Bb7 18. Ne5 Rfd8 19. Rhd1 Be7 20. f4 Nc6
21. Be4 Na5 22. Bxb7 Nxb7 23. Nc6 Re8 24. Rd7 Nd8 25. Nxe7+ Kf8 26. f5 1-0